000 00474nam a2200169 i 4500
001 74833
003 ES-MaACL
005 20230906172247.0
007 t|
008 040921s1912 fr ||||1| fre d
080 _a821.133.1-32"18"
100 1 _aGourmont, Rémy de (
_d1858-1916)
_959362
245 1 0 _aHistoires magiques /
_cRemy de Gourmont.
260 _a[S.l. :
_bs.n.,
_c1912] (
_ePoitiers :
_fBlais et Roy)
300 _a264 p. ;
_c19 cm.
852 _aES-MaACL
_jD-2560
999 _c74833
_d74833